00529nam a2200157Ia 4500003000900000008004100009040001600050080001800066110003900084245008300123260005500206300001400261650002500275650005200300650001900352IN-BaIIA211028s9999 xx 000 0 eng d cIIA Library a(038):92bDIC aInternational Biographical Centres 0aDictionary of internatiional biographycInternational Biographical Centres  aCambridgebInternational Biographical Centrec1982 axv, 885p. aBiography-Scientists aDictionaries-International Biography, biography aNASA Thesaurus